LIBRARY & INFORMATION CENTRE, KCAET, TAVANUR

ONLINE PUBLIC ACCESS CATALOGUE (OPAC)

A Sensor based tractor drawn ginger planter / (Record no. 18142)

MARC details
000 -LEADER
fixed length control field 00390nam a2200145 4500
003 - CONTROL NUMBER IDENTIFIER
control field OSt
082 ## - DEWEY DECIMAL CLASSIFICATION NUMBER
Classification number 631.3
Item number MAH/SE
088 ## - REPORT NUMBER
Report number T 630
100 ## - MAIN ENTRY--AUTHOR NAME
Personal name Mahesh Babu, T
245 ## - TITLE STATEMENT
Title A Sensor based tractor drawn ginger planter /
260 ## - PUBLICATION, DISTRIBUTION, ETC. (IMPRINT)
Place of publication Tavanur :
Name of publisher Department of Farm Machinery and Power Engineering,
Year of publication 2024.
300 ## - PHYSICAL DESCRIPTION
Number of Pages 231p.
700 ## - ADDED ENTRY--PERSONAL NAME
Personal name Preman P S (Guide)
942 ## - ADDED ENTRY ELEMENTS (KOHA)
Koha item type Theses
Holdings
Collection code Home library Current library Full call number Accession Number Koha item type Public note
Reference KAUAET KAUAET 631.3 MAH/SE T 630 Theses PhD Thesis
free website counter